000 00572cam a2200181 4500500
005 20260405003917.0
041 _afre
042 _adc
100 1 0 _aEltchaninoff, Michel
_eauthor
245 0 0 _aJ. D. Vance, la revanche du “péquenot”
260 _c2025.
500 _a20
690 _aDonald Trump
690 _aÉtats-Unis
690 _aMichel Eltchaninoff
786 0 _nPhilosophie magazine | 188 | 4 | 2025-04-01 | p. 16-16 | 1951-1787
856 4 1 _uhttps://shs.cairn.info/magazine-philosophie-magazine-2025-4-page-16?lang=fr&redirect-ssocas=7080
999 _c2072007
_d2072007